MIASMA: pollution and purification in early Greek Religion

Guardat en:
Dades bibliogràfiques
Autor principal: Parker, Robert (Autor)
Format: Llibre
Idioma:anglès
Publicat: Oxford Clarendon Press 1983
Matèries:
Etiquetes: Afegir etiqueta
Sense etiquetes, Sigues el primer a etiquetar aquest registre!

MARC

LEADER 00000cam a2200000 a 4500
001 UCF6833
003 CL-VaPUC
005 20211019074302.0
008 130524e19830000UK |||||||||||||||||eng|d
999 |c 351888  |d 351886 
020 |a 0198147422 
040 |c Pontificia Universidad Católica de Valparaíso 
082 0 4 |a 292.446 PAR 1983  |2 21 
100 0 |a Parker, Robert  |e author  |9 568844 
245 1 0 |a MIASMA:  |b  pollution and purification in early Greek Religion 
260 |a Oxford  |b Clarendon Press  |c 1983 
300 |a 413 páginas 
583 |a last modification  |c 20130524 08:39:00  |k Rodrigo Vera 
650 0 |a Creencias religiosas   |9 373391 
650 0 |a Historia de la religión  |9 313185 
650 7 |a HISTORIA DE GRECIA ANTIGUA  |2 CL-VaPUC  |9 520504 
942 |c BK  |2 ddc 
945 |d 20130524 00:00:00  |a dcastane 
952 |0 0  |1 0  |4 0  |6 292_446000000000000_PAR_1983  |7 0  |8 A  |9 456292  |a BIBHIS  |b BIBHIS  |d 2019-11-22  |i 4975774  |o 292.446 PAR 1983  |p 4975774  |r 2025-01-20  |w 2019-11-22  |y BK  |k HIS